000 00763cab a2200229 4500
001 WB3411-69
008 090401t1998 xxu||||| |||| 00| 0 eng d
035 _a(Sirsi) u85059
041 _aeng
245 _aRetirement relief
260 _c1998
350 _a0
490 _aInland Revenue Press Release
_v(17) 17 March 1998 (3)
520 _aIt was announced in the Budget that retirement relief on capital gains tax is to be phased out from 6 April 1999 by a gradual reduction of the relief thresholds. The relief will cease to be available from 6 April 2003. Details.
650 _aBUDGET 1998
650 _aCAPITAL GAINS TAX
650 _aRETIREMENT RELIEF
650 _aTAX EXEMPTION
690 _aTAXATION
942 _n0
948 _c19/03/1998
999 _c53476
_d53476